Detalles MARC
| 000 -LIDER |
| fixed length control field |
01173nam a22003497a 4500 |
| 001 - NÚMERO DE CONTROL |
| Identificador de número de control |
000482 |
| 003 - IDENTIFICACDOR DE NÚMERO DE CONTROL |
| control field |
DO-SdBPM |
| 005 - DATE AND TIME OF LATEST TRANSACTION |
| control field |
20250725103454.0 |
| 007 - CAMPOS FIJOS DE DESCRIPCIÓN FÍSICA |
| fixed length control field |
ta |
| 008 - ELEMENTOS DE LONGITUD FIJA |
| fixed length control field |
160906b 2022 sp |||| 00| 0 spa d |
| 020 ## - ISBN |
| International Standard Book Number |
9788490624951 |
| 040 ## - FUENTE DE CATALOGACIÓN |
| Agencia que crea de manera original el registro |
DO-SdBPM |
| Idioma de catalogación |
spa |
| Agencia que realiza la transcripción |
BPMSU |
| Convenciones de la despripción |
rda |
| 082 #4 - NÚMERO DE CLASIFICACIÓN DECIMAL DE DEWEY |
| Classification number |
813.5 |
| Item number |
F648p 2022 |
| Edition number |
22 |
| 100 1# - ASIENTO PRINCIPAL -- NOMBRE PERSONAL |
| Nombre personal |
Flynn, Gillian, |
| Fechas asociadas con el nombre |
1971- |
| Mención de responsabilidad |
autor |
| 245 10 - MENCIÓN DE TITULO |
| Título |
Perdida / |
| Mención de responsabilidad |
Gillian Flynn ; traducción de Óscar Palmer ; nota final de Rodrigo Fresán. |
| Subtítulo |
|
| 264 ## - PRODUCTION, PUBLICATION, DISTRIBUTION, MANUFACTURE, AND COPYRIGHT NOTICE |
| Place of production, publication, distribution, manufacture |
Barcelona : |
| Name of producer, publisher, distributor, manufacturer |
Penguin Random House Grpupo Editorial. |
| Date of production, publication, distribution, manufacture, or copyright notice |
2022 |
| 300 ## - DESCRIPCIÓN FÍSICA |
| Extensión |
567 páginas ; |
| Dimensiones |
23 cm. |
| Otros detalles físicos |
|
| 336 ## - CONTENT TYPE |
| Content type term |
texto |
| Content type code |
txt |
| Source |
rdacontent |
| 337 ## - MEDIA TYPE |
| Media type term |
sin mediación |
| Media type code |
n |
| Source |
rdamedia |
| 338 ## - CARRIER TYPE |
| Carrier type term |
volumen |
| Carrier type code |
nc |
| Source |
rdacarrier |
| 490 0# - MENCIÓN DE SERIES |
| Mención de serie |
Best-Seller |
| 500 ## - NOTA GENERAL |
| Nota general |
Incluye datos biográficos del autor |
| 534 ## - NOTA SOBRE LA VERSIÓN ORIGINAL |
| Frase introductoria |
Título original : |
| Mención del título original |
Gone girl. |
| 590 ## - NOTA LOCAL |
| Texto de la nota local |
Inventariado, 2025/VM |
| 650 #7 - ENCABEZAMIENTO DE MATERIA--TEMÁTICO |
| Término temático o nombre geográfico como elemento de entrada |
Novela estadounidense. |
| 650 #7 - ENCABEZAMIENTO DE MATERIA--TEMÁTICO |
| Término temático o nombre geográfico como elemento de entrada |
Personas casadas |
| Subdivisión de forma |
Novela. |
| 650 #7 - ENCABEZAMIENTO DE MATERIA--TEMÁTICO |
| Término temático o nombre geográfico como elemento de entrada |
Novela policíaca |
| 700 1# - ASIENTO SECUNDARIO -- NOMBRE PERSONAL |
| Nombre personal |
Palmer, Óscar, |
| Fechas asociadas con el nombre |
1975- |
| Mención de responsabilidad |
traductor |
| 700 1# - ASIENTO SECUNDARIO -- NOMBRE PERSONAL |
| Nombre personal |
Fresán, Rodrigo, |
| Fechas asociadas con el nombre |
1963- |
| Mención de responsabilidad |
notas |
| 910 ## - VALIDACIÓN |
| Validación |
VMateo V. Control de calidad. BPMSU |
| 942 ## - ADDED ENTRY ELEMENTS (KOHA) |
| Source of classification or shelving scheme |
Dewey Decimal Classification |
| Koha item type |
Libros |